000 01281nam a22002177a 4500
999 _c63716
_d63716
003 Ge_BSU
005 20251212210309.0
008 251212s2023 ge ||||| |||| 00| 0 geo d
020 _a9789941986697
041 _ageo
080 _a821.353.1-1 ჭ-45
100 _aჭიკაიძე, იზა
_926449
245 _aსამყაროს შევცვლი :
_b[ლექსები] /
_c იზა ჭიკაიძე; რედაქტორი ლევან ჟვანია; საქართველოს პარლამენტის ეროვნული ბიბლიოთეკა.
264 _aთბილისი :
_bსაქართველოს პარლამენტის ეროვნული ბიბლიოთეკა,
_c2023.
300 _a308 გვ. ;
_b20 სმ.
653 _aქართული პოეზია.
700 _aჟვანია, ლევან
_eრედაქტორი
_926501
710 _aსაქართველოს პარლამენტის ეროვნული ბიბლიოთეკა.
_926502
856 _uhttps://dspace.nplg.gov.ge/bitstream/1234/487065/1/Samyaros_Shevcvli.pdf
_yელ. ვერსია
942 _2udc
_cᲬᲘᲒᲜᲘ